Minority Nurse Newsletter

Bibliografische gegevens
Formaat: Elektronisch Tijdschrift
Taal:English
Gepubliceerd in: Tucker Publications, Inc.
Online toegang:Full text available on EBSCOhost[Nov 2002-Sep 2004]
Off-campus access
LEADER 00939cas a2200181 a 4500
001 AALejournalEBSCOMFP001010
008 230102c9999 xx r poo 0 0eng d
022 |a 1071-9946 
040 |a BD-DhAAL  |c BD-DhAAL 
245 0 0 |h [electronic resource]  |a Minority Nurse Newsletter 
260 |b Tucker Publications, Inc. 
300 |a 1 online resource 
500 |a <strong>Off-Campus Access:</strong> Athens ID and Password Required 
500 |a <strong>On-Campus Access:</strong> No User ID or Password Required 
506 |a Electronic access restricted to authorized BRAC University faculty, staff and students 
538 |a Mode of access: Internet 
856 4 0 |z Full text available on EBSCOhost[Nov 2002-Sep 2004]  |u https://search.ebscohost.com/direct.asp?db=f5h&jid=H7L&scope=site 
856 4 0 |z Off-campus access  |u https://go.openathens.net/redirector/bracu.ac.bd?url=https%3A%2F%2Fsearch.ebscohost.com%2Fdirect.asp%3Fdb%3Df5h%26jid%3DH7L%26scope%3Dsite